Interiér rekreačného komplexu Double R - Gbely

Enregistré dans:
Détails bibliographiques
Auteur principal: Bakošová, Lenka, 1990- (Auteur)
Autres auteurs: Salcer, Igor, 1983- (Directeur de thèse)
Format: Manuscrit Livre
Langue:slovaque
Publié: Bratislava 2015
Sujets:
Accès en ligne:http://is.stuba.sk/zp/portal_zp.pl?podrobnosti=112113
Tags: Ajouter un tag
Pas de tags, Soyez le premier à ajouter un tag!

MARC

LEADER 00000ntm a22000003a 4500
001 stuzp51977
003 SK-STU
005 20210304100919.4
007 ta
008 150427s2015----xo-----f-mn---000-0-slo-d
040 |a STU  |b slo 
041 0 |a slo 
100 1 |a Bakošová, Lenka,  |d 1990-  |u 055150  |4 aut  |U FAD Fakulta architektúry a dizajnu  |U FAD Fakulta architektúry  |T FA Ústav interiéru a výstavníctva  |X 68059  |U A5150  |Y 396  |7 A000068059 
242 0 1 |a Interior of recreation center Double R - Gbely  |y eng 
245 1 0 |a Interiér rekreačného komplexu Double R - Gbely 
260 |c 2015  |a Bratislava 
650 4 |a relax  |2 slo 
650 4 |a rehabilitácia  |2 slo 
650 4 |a wellness  |2 slo 
650 4 |a wellness  |2 eng 
650 4 |a relax  |2 eng 
650 4 |a rehabilitation  |2 eng 
700 1 |a Salcer, Igor,  |d 1983-  |4 ths  |X 29139  |7 A000029139 
856 4 |u http://is.stuba.sk/zp/portal_zp.pl?podrobnosti=112113  |u https://opac.crzp.sk/?fn=detailBiblioForm&sid=A7BD2F096A49022F25CE9537FE46 
SQL |a stuzp51977  |b DDP  |c SLO  |d Interiér rekreačného komplexu Double R - Gbely  |e 68059  |f Bakošová, Lenka  |g 055150  |h 29139  |i Salcer, Igor  |j 20150604  |k 153  |l 05  |m http://is.stuba.sk/zp/portal_zp.pl?podrobnosti=112113  |n I-ARCH  |o 5.1.1. architektúra a urbanizmus